00572nam a2200193 a 4500001001300000003000900013005001700022008004100039020001000080082002200090100001800112245007400130260003100204300000800235500003500243505005500278650002700333700001800360nice12345678IN_TiNIC20260116011517.0050524s0000 boma grp 000 0 eng  ac10000a323.39710954bNON aNon, De Plume aIndia`s Future Constitutional Problemb Muslim India, Case and Demand aBombaybStudy Circlec0000 a12p aincludes index and biblioraphy2 aMeeting of the N C C Nagpur Dec,28,1939-Jan 2,1940 aMuslims-India-Politics1 aNon, De Plume